[Event "Ricany op-A"]
[Site "Ricany"]
[Date "2017.08.31"]
[Round "7"]
[White "Jirousek, Tadeas"]
[Black "Korsa, Jiri"]
[Result "0-1"]
[WhiteElo "1584"]
[BlackElo "1820"]
[PlyCount "114"]
[EventDate "2017.08.26"]
[EventType "swiss"]
[EventRounds "9"]
[EventCountry "CZE"]
[SourceTitle "CBM 180 Extra"]
[Source "ChessBase"]
[SourceDate "2017.10.06"]
[SourceVersion "1"]
[SourceVersionDate "2017.10.06"]
[SourceQuality "1"]

1. e4 e5 2. Nf3 Nc6 3. d4 exd4 4. Nxd4 Bc5 5. Be3 Qf6 6. c3 Nge7 7. Bc4 Ne5 8. Be2 Qg6 9. Bf3 0-0 10. 0-0 d6 11. Kh1 Nxf3 12. Qxf3 Bg4 13. Qf4 Bd7 14. Nd2 f5 15. Qh4 Rae8 16. f3 fxe4 17. Nxe4 Bxd4 18. Bxd4 Bc6 19. Ng3 Nf5 20. Nxf5 Qxf5 21. Rae1 Qc2 22. Qg5 Qg6 23. Qh4 Rxe1 24. Rxe1 Rxf3 25. Re8+ Qxe8 26. gxf3 Bxf3+ 27. Kg1 Qg6+ 28. Qg3 Qxg3+ 29. hxg3 c5 30. Be3 Kf7 31. Kf2 Bd5 32. a3 Kf6 33. Bf4 Ke6 34. Ke3 h6 35. Kd3 a5 36. Bd2 b5 37. b4 a4 38. Be3 Bc4+ 39. Ke4 d5+ 40. Kf4 g5+ 41. Kg4 Be2+ 42. Kh3 cxb4 43. cxb4 Ke5 44. Kg2 Ke4 45. Kf2 Kd3 46. Bc1 Kc2 47. Be3 Bg4 48. Bd4 Kb3 49. Bg7 h5 50. Bf6 Kxa3 51. Bxg5 Kb2 52. Ke3 a3 53. Kd4 a2 54. Bf6 Kb1 55. Kc5 Be2 56. Kxd5 a1Q 57. Bxa1 Kxa1 0-1

[Event "Ricany op-A"]
[Site "Ricany"]
[Date "2017.08.27"]
[Round "2"]
[White "Korsa, Jiri"]
[Black "Benes, Karel"]
[Result "1-0"]
[WhiteElo "1820"]
[BlackElo "1706"]
[PlyCount "71"]
[EventDate "2017.08.26"]
[EventType "swiss"]
[EventRounds "9"]
[EventCountry "CZE"]
[SourceTitle "CBM 180 Extra"]
[Source "ChessBase"]
[SourceDate "2017.10.06"]
[SourceVersion "1"]
[SourceVersionDate "2017.10.06"]
[SourceQuality "1"]

1. e4 d6 2. Nc3 c6 3. g4 e5 4. Bg2 b5 5. h3 a5 6. d3 Be7 7. Nge2 Bg5 8. Ng3 a4 9. 0-0 g6 10. f4 exf4 11. Bxf4 Nh6 12. Qd2 Bxf4 13. Qxf4 g5 14. Qf6 Qxf6 15. Rxf6 Nxg4 16. hxg4 Bxg4 17. Raf1 Be6 18. Nf5 Nd7 19. Ng7+ Ke7 20. R6f2 Raf8 21. Nxe6 fxe6 22. Ne2 Rxf2 23. Rxf2 h5 24. Nd4 Ne5 25. Bf3 g4 26. Bd1 h4 27. Kg2 b4 28. Rf1 Rh6 29. Ne2 h3+ 30. Kh1 Rf6 31. Rxf6 Kxf6 32. Nf4 c5 33. Kh2 Nf3+ 34. Bxf3 gxf3 35. Kxh3 e5 36. Nd5+ 1-0

[Event "Ricany op-A"]
[Site "Ricany"]
[Date "2017.08.27"]
[Round "3"]
[White "Kulhanek, Tomas"]
[Black "Korsa, Jiri"]
[Result "1-0"]
[WhiteElo "2324"]
[BlackElo "1820"]
[PlyCount "61"]
[EventDate "2017.08.26"]
[EventType "swiss"]
[EventRounds "9"]
[EventCountry "CZE"]
[SourceTitle "CBM 180 Extra"]
[Source "ChessBase"]
[SourceDate "2017.10.06"]
[SourceVersion "1"]
[SourceVersionDate "2017.10.06"]
[SourceQuality "1"]

1. e4 e5 2. Nc3 Nc6 3. Bc4 Nf6 4. d3 Bc5 5. f4 exf4 6. Nf3 d6 7. Bxf4 Bg4 8. Na4 Nh5 9. Bg5 f6 10. Nxc5 fxg5 11. Be6 Bxf3 12. Qxf3 Nf4 13. Bd7+ Ke7 14. Bxc6 bxc6 15. Nb3 Qd7 16. g3 Ng6 17. 0-0-0 g4 18. Qe3 Rhf8 19. e5 Kf7 20. e6+ Qxe6 21. Rhf1+ Ke7 22. Qg5+ Kd7 23. Nd4 Rxf1 24. Nxe6 Rxd1+ 25. Kxd1 Kxe6 26. Qxg4+ Ke7 27. h4 Rf8 28. d4 Rf7 29. Qc8 Rf6 30. c3 Nf8 31. Qa6 1-0

[Event "CZE-chT2A 1617"]
[Site "Czech Republic"]
[Date "2016.10.30"]
[Round "2.8"]
[White "Korsa, Jiri"]
[Black "Melich, Jindrich"]
[Result "1/2-1/2"]
[WhiteElo "1810"]
[BlackElo "2024"]
[PlyCount "128"]
[EventDate "2016.10.09"]
[EventType "team-tourn"]
[EventRounds "11"]
[EventCountry "CZE"]
[SourceTitle "EXT 2022"]
[Source "ChessBase"]
[SourceDate "2021.10.06"]
[SourceVersion "1"]
[SourceVersionDate "2021.10.06"]
[SourceQuality "1"]
[WhiteTeam "Podborany"]
[BlackTeam "Pankrac II"]
[WhiteTeamCountry "CZE"]
[BlackTeamCountry "CZE"]

1. e4 d6 2. Nc3 g6 3. g4 Nc6 4. Bg2 Bg7 5. d3 Bd7 6. h3 e6 7. Nge2 Nge7 8. Ng3 Nd4 9. Nce2 c5 10. c3 Nxe2 11. Qxe2 Qc7 12. f4 0-0-0 13. 0-0 d5 14. exd5 Nxd5 15. Bxd5 exd5 16. Qe7 Bb5 17. Qxc7+ Kxc7 18. Rf3 Rhe8 19. Bd2 Bc6 20. Rf2 Rd7 21. Re1 Rxe1+ 22. Bxe1 Re7 23. Re2 Rxe2 24. Nxe2 Bb5 25. Nc1 Kd6 26. Kg2 b6 27. Kg3 Ke6 28. Bd2 f5 29. g5 a5 30. Kf2 Ba6 31. Ke2 Kd6 32. Kd1 Kc6 33. Kc2 a4 34. Ne2 Kd6 35. Ng3 b5 36. b3 axb3+ 37. axb3 Bb7 38. h4 d4 39. c4 bxc4 40. bxc4 Bf3 41. Ba5 Bf8 42. Nf1 Kc6 43. Nd2 Be2 44. Nb1 Bd6 45. Bd2 Kb6 46. Na3 Bf3 47. Nb5 Bb8 48. Bc1 Bc6 49. Na3 Ka5 50. Bd2+ Ka4 51. Kb2 Bc7 52. Nc2 Bd6 53. Ne1 Bc7 54. Nc2 Bb8 55. Ne1 Bh1 56. Ka2 Bc7 57. Kb2 Bc6 58. Ka2 Ba5 59. Bxa5 Kxa5 60. Ka3 Bb7 61. Kb3 Ba8 62. Ka3 Bc6 63. Ka2 Kb4 64. Kb2 Ka4 1/2-1/2

[Event "Ricany op"]
[Site "Ricany"]
[Date "2015.08.28"]
[Round "8"]
[White "Korsa, Jiri"]
[Black "Vlkova, Anezka"]
[Result "1-0"]
[WhiteElo "1844"]
[BlackElo "1564"]
[PlyCount "33"]
[EventDate "2015.08.22"]
[EventType "swiss"]
[EventRounds "9"]
[EventCountry "CZE"]
[SourceTitle "EXT 2023"]
[Source "ChessBase"]
[SourceDate "2022.10.05"]
[SourceVersion "1"]
[SourceVersionDate "2022.10.05"]
[SourceQuality "1"]

1. e4 e6 2. Nc3 d5 3. d3 Nf6 4. Bd2 c5 5. h3 Nc6 6. g4 d4 7. Nce2 e5 8. Ng3 Be7 9. Bg2 Be6 10. N1e2 Qd7 11. 0-0 h5 12. g5 Bxh3 13. gxf6 Bxg2 14. Kxg2 gxf6 15. Nf5 Bd6 16. Rh1 0-0-0 17. Neg3 1-0

[Event "Ricany op"]
[Site "Ricany"]
[Date "2015.08.24"]
[Round "4"]
[White "Korsa, Jiri"]
[Black "Hlavacek, Ondrej1111"]
[Result "1-0"]
[WhiteElo "1844"]
[BlackElo "1668"]
[PlyCount "153"]
[EventDate "2015.08.22"]
[EventType "swiss"]
[EventRounds "9"]
[EventCountry "CZE"]
[SourceTitle "EXT 2023"]
[Source "ChessBase"]
[SourceDate "2022.10.05"]
[SourceVersion "1"]
[SourceVersionDate "2022.10.05"]
[SourceQuality "1"]

1. e4 c5 2. Nc3 e6 3. d3 Nc6 4. g4 d5 5. Bg2 d4 6. Nce2 Nf6 7. Ng3 Bd6 8. h3 Bxg3 9. fxg3 Qc7 10. Bf4 e5 11. Bd2 Be6 12. Nf3 h5 13. g5 Nd7 14. g6 0-0-0 15. Ng5 Rdf8 16. Nxe6 fxe6 17. Bf3 h4 18. gxh4 Rxh4 19. Bg4 Qd6 20. Bg5 Rhh8 21. h4 Nf6 22. Qe2 Ng8 23. 0-0-0 Nh6 24. Rdf1 Nd8 25. Bh3 Kc7 26. Rxf8 Rxf8 27. Bxh6 gxh6 28. g7 Rg8 29. Rg1 Qe7 30. Qg4 Qf6 31. Kb1 Qe7 32. Qg6 h5 33. Rg5 b6 34. Bf1 Qf7 35. Qxf7+ Nxf7 36. Rg2 Kd6 37. Be2 Ke7 38. Bxh5 Nd8 39. Kc1 Kf6 40. Rg6+ Ke7 41. Kd1 b5 42. Ke2 Kf7 43. Kf3 Rxg7 44. Rxg7+ Kxg7 45. Kg4 Kh6 46. Be8 b4 47. Bd7 a6 48. Bc8 a5 49. Bd7 Kg7 50. h5 Kh6 51. Be8 Nb7 52. Bd7 Nd8 53. Kh4 Kg7 54. Kg5 Nf7+ 55. Kg4 Nd8 56. Be8 Kh6 57. Bb5 Nf7 58. Bd7 Nd8 59. Be8 Nb7 60. Bg6 Nd8 61. Kf3 Nc6 62. Ke2 Ne7 63. Bf7 Nc6 64. Kd2 Na7 65. Kc1 Nc6 66. Kb1 Ne7 67. a3 Nc6 68. Be8 Ne7 69. Ka2 Ng8 70. Kb3 Nf6 71. Bg6 Nxh5 72. Bxh5 Kxh5 73. axb4 cxb4 74. Ka4 Kg4 75. Kxa5 Kf3 76. Kxb4 Ke2 77. Kc4 1-0

[Event "Prague Golden op 11th"]
[Site "Prague"]
[Date "2015.06.22"]
[Round "2"]
[White "Petras, Milan"]
[Black "Korsa, Jiri"]
[Result "1/2-1/2"]
[WhiteElo "1997"]
[BlackElo "1913"]
[PlyCount "153"]
[EventDate "2015.06.21"]
[EventType "swiss"]
[EventRounds "9"]
[EventCountry "CZE"]
[SourceTitle "CBM 167 Extra"]
[Source "ChessBase"]
[SourceDate "2015.09.14"]
[SourceVersion "1"]
[SourceVersionDate "2015.09.14"]
[SourceQuality "1"]

1. e4 e5 2. Nf3 Nc6 3. Bb5 f5 4. d3 fxe4 5. dxe4 Nf6 6. Qe2 Bb4+ 7. c3 Bc5 8. Bxc6 bxc6 9. Nxe5 Qe7 10. Bf4 d6 11. Nxc6 Qxe4 12. Qxe4+ Nxe4 13. Nd4 Rb8 14. b3 Nxc3 15. Nxc3 Bxd4 16. Rc1 0-0 17. Bg3 Ba6 18. Kd2 Bxf2 19. Nd1 Bxg3 20. hxg3 Rbe8 21. Re1 Rxe1 22. Kxe1 Re8+ 23. Kf2 Re2+ 24. Kf3 Rxa2 25. Ne3 c5 26. Kf4 Kf7 27. g4 Bc8 28. Kg3 Be6 29. Rd1 Ke7 30. Re1 Ra3 31. Nf5+ Kd7 32. Nxg7 Rxb3+ 33. Kh4 Bd5 34. Ra1 Bxg2 35. Rxa7+ Kc6 36. Nf5 Kb6 37. Rd7 d5 38. Kg5 d4 39. Nxd4 cxd4 40. Rxd4 Kc5 41. Rf4 Kd6 42. Kh6 Rb7 43. Rf6+ Ke5 44. Rf5+ Ke6 45. Rf4 Ke5 46. Rf5+ Kd4 47. Rf4+ Be4 48. Rf6 Ke5 49. Rf1 Rb6+ 50. Kh5 Bg6+ 51. Kh4 Bd3 52. Rf2 Rf6 53. Rd2 Ke4 54. Rg2 Rf1 55. Kg5 Kf3 56. Rd2 Ke3 57. Rb2 Rg1 58. Rb6 Be4 59. Rb3+ Bd3 60. Rb6 Rb1 61. Rf6 Rb5+ 62. Kh6 Re5 63. Rf8 Re6+ 64. Kh5 Rg6 65. g5 Re6 66. Rf6 Bg6+ 67. Kh6 Re4 68. Rxg6 hxg6 69. Kxg6 Kf4 70. Kf6 Ra4 71. g6 Ra6+ 72. Kf7 Kf5 73. g7 Ra7+ 74. Kg8 Kg5 75. Kh8 Ra8+ 76. g8R+ Rxg8+ 77. Kxg8 1/2-1/2

[Event "CZE-chT U20 Extraliga final-B 1415"]
[Site "Czech Republic"]
[Date "2015.04.25"]
[Round "10.4"]
[White "Svanda, Ondrej"]
[Black "Korsa, Jiri"]
[Result "1/2-1/2"]
[WhiteElo "1833"]
[BlackElo "1705"]
[PlyCount "110"]
[EventDate "2014.10.11"]
[EventType "team-tourn"]
[EventRounds "11"]
[EventCountry "CZE"]
[SourceTitle "EXT 2021"]
[Source "ChessBase"]
[SourceDate "2020.10.23"]
[SourceVersion "1"]
[SourceVersionDate "2020.10.23"]
[SourceQuality "1"]
[WhiteTeam "Policka Stefanydes (U20)"]
[BlackTeam "Praha Bohemians (U20)"]
[WhiteTeamCountry "CZE"]
[BlackTeamCountry "CZE"]

1. e4 e5 2. Nf3 Nc6 3. d4 exd4 4. Bc4 Nf6 5. e5 Ng4 6. Qe2 Qe7 7. Bf4 d6 8. exd6 Qxe2+ 9. Bxe2 Bxd6 10. Bxd6 cxd6 11. Nbd2 Be6 12. h3 Nge5 13. 0-0-0 d3 14. Bxd3 Nxd3+ 15. cxd3 Nb4 16. Nc4 0-0 17. Kb1 Bf5 18. Ne1 Rfd8 19. Ne3 Be6 20. a3 Nd5 21. Nf3 Rac8 22. Nd4 Nxe3 23. fxe3 a6 24. Rhf1 Rc7 25. Rf2 Rdc8 26. Rdf1 Re8 27. g4 Rec8 28. e4 Re8 29. Rf4 Rd8 30. h4 Re8 31. g5 Bh3 32. Rh1 Bd7 33. h5 Re5 34. Rg1 Rcc5 35. Rgf1 Re7 36. Rg1 Ree5 37. Nf3 Re7 38. d4 Rc8 39. e5 d5 40. g6 fxg6 41. hxg6 h6 42. Nh4 Ree8 43. Rf7 Rcd8 44. Rgf1 Rf8 45. R1f3 Bg4 46. Rg3 Bc8 47. Rc7 Rd7 48. Rgc3 Rxc7 49. Rxc7 Rd8 50. Re7 Kf8 51. Rf7+ Kg8 52. Nf5 Bxf5+ 53. Rxf5 Rf8 54. Rh5 Rd8 55. Kc2 Rc8+ 1/2-1/2

[Event "Ricany op-A"]
[Site "Ricany"]
[Date "2014.08.29"]
[Round "8"]
[White "Korsa, Jiri"]
[Black "Kalvach, Ladislav"]
[Result "1-0"]
[WhiteElo "1695"]
[BlackElo "1924"]
[PlyCount "87"]
[EventDate "2014.08.23"]
[EventType "swiss"]
[EventRounds "9"]
[EventCountry "CZE"]
[SourceTitle "EXT 2015"]
[Source "ChessBase"]
[SourceDate "2014.11.20"]
[SourceVersion "1"]
[SourceVersionDate "2014.11.20"]
[SourceQuality "1"]

1. e4 c5 2. Nc3 Nc6 3. g4 e6 4. d3 d5 5. Bg2 Nge7 6. h3 d4 7. Nce2 Ng6 8. Nf3 Nh4 9. Nxh4 Qxh4 10. Bf4 Qd8 11. Bh2 Bd6 12. f4 e5 13. Qd2 h5 14. g5 exf4 15. Bxf4 Be6 16. h4 Qc7 17. 0-0 Ne5 18. Bxe5 Bxe5 19. Nf4 0-0-0 20. Rf2 Bxf4 21. Qxf4 Qxf4 22. Rxf4 Rd6 23. Kh2 b5 24. Bh3 Bxh3 25. Kxh3 Rf8 26. Raf1 Rd7 27. g6 f6 28. Rf5 Rc7 29. Rxh5 a6 30. Rff5 c4 31. Rc5 cxd3 32. cxd3 Rd8 33. Rxc7+ Kxc7 34. Rc5+ Kb6 35. b4 a5 36. Rd5 Rc8 37. Rd6+ Kb7 38. Rd7+ Kb6 39. bxa5+ Kxa5 40. Rxg7 Rc3 41. Rd7 Rxd3+ 42. Kg2 Rd2+ 43. Kf3 Rxa2 44. Ra7+ 1-0

[Event "Ricany op-A"]
[Site "Ricany"]
[Date "2014.08.24"]
[Round "3"]
[White "Korsa, Jiri"]
[Black "Stankova, Zuzana"]
[Result "1-0"]
[WhiteElo "1695"]
[BlackElo "1511"]
[PlyCount "63"]
[EventDate "2014.08.23"]
[EventType "swiss"]
[EventRounds "9"]
[EventCountry "CZE"]
[SourceTitle "EXT 2015"]
[Source "ChessBase"]
[SourceDate "2014.11.20"]
[SourceVersion "1"]
[SourceVersionDate "2014.11.20"]
[SourceQuality "1"]

1. e4 e5 2. Nf3 Nc6 3. Bc4 Nf6 4. d3 Be7 5. c3 0-0 6. 0-0 d6 7. Re1 Bg4 8. Nbd2 Qd7 9. b4 a6 10. Nf1 b5 11. Bd5 Nxd5 12. exd5 Nd8 13. Ne3 Bf6 14. Nxg4 Qxg4 15. a4 c6 16. axb5 cxd5 17. Rxa6 Ne6 18. h3 Qg6 19. Rxd6 e4 20. Nd4 Nxd4 21. cxd4 Rfd8 22. Rxd8+ Rxd8 23. Qg4 Qxg4 24. hxg4 Bxd4 25. dxe4 Bc3 26. Rd1 Bxb4 27. Rxd5 Rxd5 28. exd5 Bc5 29. Be3 Bd6 30. b6 Kf8 31. b7 Bb8 32. g3 1-0

[Event "Kouty nad Desnou op-A"]
[Site "Kouty nad Desnou"]
[Date "2014.03.12"]
[Round "6"]
[White "Korsa, Jiri"]
[Black "Ferkova, Dominika"]
[Result "1/2-1/2"]
[WhiteElo "1716"]
[BlackElo "1590"]
[PlyCount "86"]
[EventDate "2014.03.08"]
[EventType "swiss"]
[EventRounds "9"]
[EventCountry "CZE"]
[SourceTitle "EXT 2015"]
[Source "ChessBase"]
[SourceDate "2014.11.20"]
[SourceVersion "1"]
[SourceVersionDate "2014.11.20"]
[SourceQuality "1"]

1. e4 e5 2. Nf3 Nc6 3. Bc4 Bc5 4. d3 Nf6 5. 0-0 0-0 6. c3 d6 7. Re1 Bg4 8. Nbd2 Na5 9. Bb5 a6 10. Ba4 Ba7 11. Nf1 b5 12. Bc2 h6 13. Ng3 Nc6 14. h3 Be6 15. Kf1 Qd7 16. Be3 Bxe3 17. Rxe3 Rfe8 18. Nh4 d5 19. exd5 Nxd5 20. Re1 Nf4 21. d4 exd4 22. Bf5 Bc4+ 23. Kg1 Rxe1+ 24. Qxe1 Qd8 25. Qe4 Qxh4 26. Qxc6 Qd8 27. Qe4 Nd5 28. Qxd4 Nf6 29. Qxd8+ Rxd8 30. b3 Bd5 31. Rd1 Rd6 32. Bd3 Kf8 33. Nf5 Rd7 34. Bc2 c5 35. Kf1 c4 36. b4 Bc6 37. Rxd7 Bxd7 38. Ne3 Bc6 39. g3 Ne4 40. Bxe4 Bxe4 41. Ke2 Ke7 42. f3 Bd3+ 43. Kd2 Kd6 1/2-1/2

[Event "Kouty nad Desnou op-A"]
[Site "Kouty nad Desnou"]
[Date "2014.03.11"]
[Round "4"]
[White "Korsa, Jiri"]
[Black "Bartos, Vaclav"]
[Result "0-1"]
[WhiteElo "1716"]
[BlackElo "1746"]
[PlyCount "46"]
[EventDate "2014.03.08"]
[EventType "swiss"]
[EventRounds "9"]
[EventCountry "CZE"]
[SourceTitle "EXT 2015"]
[Source "ChessBase"]
[SourceDate "2014.11.20"]
[SourceVersion "1"]
[SourceVersionDate "2014.11.20"]
[SourceQuality "1"]

1. e4 d6 2. Nc3 g6 3. g4 Bg7 4. Bg2 c5 5. d3 Nc6 6. h3 a6 7. Nge2 Bd7 8. Ng3 b5 9. 0-0 Rc8 10. f4 b4 11. Nd5 Nf6 12. Nxf6+ Bxf6 13. f5 Bg7 14. a4 0-0 15. Rb1 b3 16. cxb3 Rb8 17. Bd2 Qb6 18. Bc3 c4+ 19. Kh1 Bxc3 20. bxc3 cxb3 21. fxg6 hxg6 22. h4 Ne5 23. g5 Qe3 0-1

[Event "Kouty nad Desnou op-A"]
[Site "Kouty nad Desnou"]
[Date "2014.03.08"]
[Round "1"]
[White "Walek, Petr"]
[Black "Korsa, Jiri"]
[Result "1-0"]
[WhiteElo "2070"]
[BlackElo "1716"]
[PlyCount "65"]
[EventDate "2014.03.08"]
[EventType "swiss"]
[EventRounds "9"]
[EventCountry "CZE"]
[SourceTitle "EXT 2015"]
[Source "ChessBase"]
[SourceDate "2014.11.20"]
[SourceVersion "1"]
[SourceVersionDate "2014.11.20"]
[SourceQuality "1"]

1. e4 e5 2. Nf3 Nc6 3. Bb5 f5 4. Nc3 fxe4 5. Nxe4 Nf6 6. Nxf6+ Qxf6 7. 0-0 Be7 8. Bxc6 dxc6 9. Qe1 0-0 10. Qxe5 Bd6 11. Qxf6 Rxf6 12. d4 Bg4 13. Ng5 Re8 14. h3 Bf5 15. Be3 Rg6 16. g4 Bxc2 17. Rac1 Be4 18. Nxe4 Rxe4 19. Kg2 Rge6 20. Kf3 Kf7 21. Rc3 Ke8 22. Rb3 b6 23. Rc1 Kd7 24. Rbc3 Be7 25. d5 cxd5 26. Rxc7+ Ke8 27. Rxa7 d4 28. Rc8+ Kf7 29. Bg5 d3 30. Rd8 Ra4 31. Rxa4 Bxd8 32. Bxd8 Rd6 33. Bg5 1-0